| Tag |
First Indicator |
Second Indicator |
Subfields |
| LEADER |
00000cas a2200000 a 4500 |
| 001 |
in00000050089 |
| 005 |
20151007065747.0 |
| 008 |
770523d19641964miuar1 1 a0eng d |
| 010 |
|
|
|a 85645162
|
| 016 |
7 |
|
|a P42820000
|2 DNLM
|
| 022 |
0 |
|
|a 0883-2161
|
| 035 |
|
|
|a (OCoLC)08230469
|
| 035 |
|
|
|9 AAE2624AM
|
| 040 |
|
|
|a NYG
|c NYG
|d RCS
|d DLC
|d NSD
|d DLC
|d IUL
|d NST
|d UtOrBLW
|
| 042 |
|
|
|a lc
|a nsdp
|
| 049 |
|
|
|a TXAM
|
| 050 |
0 |
0 |
|a TL6
|b .S78
|
| 111 |
2 |
|
|a Stapp Car Crash and Field Demonstration Conference.
|
| 210 |
0 |
|
|a Stapp Car Crash Field Demonstr. Conf.
|
| 222 |
|
0 |
|a Stapp Car Crash and Field Demonstration Conference
|
| 245 |
1 |
0 |
|a Stapp Car Crash and Field Demonstration Conference :
|b [proceedings] /
|c conducted by the Biomechanics Research Center of Wayne State University.
|
| 264 |
|
1 |
|a Detroit :
|b Wayne State University Press,
|c 1966.
|
| 300 |
|
|
|a 1 volume :
|b illustrations ;
|c 24 cm.
|
| 310 |
|
|
|a Annual
|
| 336 |
|
|
|a text
|b txt
|2 rdacontent
|
| 337 |
|
|
|a unmediated
|b n
|2 rdamedia
|
| 338 |
|
|
|a volume
|b nc
|2 rdacarrier
|
| 362 |
0 |
|
|a 8th (Oct. 21-23, 1964).
|
| 500 |
|
|
|a First and sixth conference held at Holloman Air Force Base; 2d- 5th, at the University of Minnesota; 7th at the University of California at Los Angeles; 8th at Wayne State University.
|
| 650 |
|
0 |
|a Automobiles
|x Design and construction
|v Congresses.
|
| 650 |
|
0 |
|a Automobiles
|x Safety appliances
|v Congresses.
|
| 650 |
|
0 |
|a Automobiles
|x Crashworthiness
|v Congresses.
|
| 650 |
|
0 |
|a Crash injuries
|v Congresses.
|
| 710 |
2 |
|
|a Wayne State University.
|b Biomechanics Research Center.
|
| 780 |
0 |
0 |
|a Stapp Car Crash Conference.
|t Proceedings
|x 0883-2153
|w (DLC) 85645161
|w (OCoLC)8230489
|
| 785 |
0 |
0 |
|a Stapp Car Crash Conference.
|t Proceedings of ... the ... Stapp Car Crash Conference
|x 0585-086X
|w (DLC) 85645163
|w (OCoLC)11963136
|
| 850 |
|
|
|a DLC
|a InU
|a MiEM
|a NjR
|
| 936 |
|
|
|a 1964
|
| 994 |
|
|
|a E0
|b TXA
|
| 949 |
|
|
|a updated
|b h
|c 2001/12/12
|e coplinge
|f 1:42:46 pm
|
| 999 |
|
|
|a MARS
|
| 999 |
f |
f |
|s dd7d27a1-ac33-3a0a-8a17-be085cab5f34
|i b396128c-2472-359d-b994-ce053c465949
|t 0
|
| 952 |
f |
f |
|p ric
|a Texas A&M University
|b Rellis Campus
|c Joint Library Facility
|d Remote Storage
|t 0
|e TL6 .S78
|h Library of Congress classification
|i unmediated -- volume
|k 8th
|l 1964
|m A14807752948
|
| 998 |
f |
f |
|a TL6 .S78
|s 8th (1964)
|t 0
|l Remote Storage
|